000 00936nam a22003497a 4500
001 BR0604400
003 BR-BrBNA
005 20230928102303.0
007 ta
008 230509b bl.||||| |||| 00| 0 por d
040 _aBR-BrBNA
_bpor
_cBiblioteca Nacional de Agricultura
041 _a(Por)
072 _aH01
090 _ H01 BR0604400
100 1 _aChaboussou, F.
245 1 _aPlantas doentes pelo uso de agrotóxicos; a teoria trofobiose
260 3 _aPorto Alegre, RS (Brasil):
_c1987.
300 _a253 p.
650 _aAGROTÓXICO
650 _aFISIOLOGIA VEGETAL
650 _aPRAGA DE PLANTA
650 _aDOENÇA DE PLANTA
650 _aDEFESA VEGETAL
650 _aCONTROLE QUÍMICO
650 _aFUNGICIDA
650 _aFITOTOXICIDADE
650 _aFERTILIDADE DO SOLO
650 _aDESNITRIFICAÇÃO
650 _aMICROBIOLOGIA DO SOLO
909 _a202309
_bLucia
_c55
_dLucia Elande
942 _cBK
999 _c70011
_d70011